Zvláštnosti regulace na pojistných trzích
Článok analyzuje dôvody pre štátnu reguláciu v komerčnom poisťovníctve. Regulačná politika štátu na finančných trhoch. Ochrana klientov. Situácia na poistnom trhu. Riadenie rizík. Solvency II.
Guardado en:
| Autor principal: | |
|---|---|
| Formato: | Capítulo de libro |
| Lenguaje: | checo |
| Materias: | |
| Etiquetas: |
Sin Etiquetas, Sea el primero en etiquetar este registro!
|
MARC
| LEADER | 00000naa$a2200000$$$4500 | ||
|---|---|---|---|
| 001 | 0082036 | ||
| 005 | 20231006081050.4 | ||
| 041 | 0 | |a cze | |
| 044 | |a CZ | ||
| 245 | 1 | 0 | |a Zvláštnosti regulace na pojistných trzích |c Jaroslav Daňhel |
| 520 | |a Článok analyzuje dôvody pre štátnu reguláciu v komerčnom poisťovníctve. Regulačná politika štátu na finančných trhoch. Ochrana klientov. Situácia na poistnom trhu. Riadenie rizík. Solvency II. | ||
| 610 | 2 | 0 | |a poisťovne |
| 610 | 2 | 0 | |a regulácia |
| 610 | 2 | 0 | |a poisťovníctvo |
| 610 | 2 | 0 | |a trh finančný |
| 610 | 2 | 0 | |a trh poistný |
| 100 | 1 | |a Daňhel, Jaroslav | |